00829nam a2200229 4500999001500000001000600015003000900021005001700030008004100047020001800088040004800106082001900154100003100173245008800204260003000292300002200322504003600344650004400380650003700424942001200461952012600473 c8588d858822704BD-DhUAP20250601125829.0250601b2013 ay a|o|| |||| 001 0ceng d a9781908150905 aBD-DhUAPbENGcBD-DhUAPdBD-DhUAPeBD-DhUAP 223a778.59 BEA a Beardsworth,JohndAuthor. a 101 top tips :bfor black & white digital photography /cAuthor:John Beardsworth . a Lewes, b Ilex ;c2013 . a176 pbill;c24cm aInclude Index and Bibliography. aBlack-and-white photography Technique . aPhotography Digital techniques . 2ddccBK 00102ddc4070aUAPCLbUAPCLcGeneral Stacksd2025-06-01o778.59 BEAp3010022704r2025-06-01t1v2684.00w2025-06-01yBK